| 000 | 01001nam a2200205 a 4500 | ||
|---|---|---|---|
| 001 | 000036075 | ||
| 005 | 20200930074844.0 | ||
| 008 | 111129s1977 sp a 000 0 spa d | ||
| 020 | _a8439978790 | ||
| 040 |
_aDO-SdBNP _bspa _cBNPHU |
||
| 082 |
_axxxx _bxxxx |
||
| 245 | 0 | 0 |
_aMatemática actualizada 01 : _bpre-escolar /. |
| 260 |
_aMadrid : _bSusaeta, _c1977. |
||
| 300 |
_a63 p. : _bil. ; _c25 cm. |
||
| 490 | 1 | _aEscuela dominicana ; | |
| 500 | _aIncluye guía para el profesor al final del texto. | ||
| 505 | 0 |
_aFormar conjuntos o grupos -- _tIdentificar los elementos de un conjuntos -- _tPertenencia y no pertenencia -- _tReconocer conjuntos de muchos y pocos elementos -- _tComparar conjuntos que tienen muchos elementos con conjuntos que tienen pocos elementos relación « más que » -- _tComparar conjuntos "iguales" -- _tFormar conjuntos unitarios -- _tLeer y escribir numerales del uno al cuatro -- _tUnir conjuntos -- |
|
| 590 | _aInventariado, 2018/ YL | ||
| 830 | 0 |
_aEscuela dominicana _912154 |
|
| 999 |
_c35566 _d35566 |
||